Faculty of Law Library — Cairo University

Official Online Catalog

Conflict of laws : (Record no. 64097)

MARC details
000 -LEADER
fixed length control field 01148cam a2200349 i 4500
003 - CONTROL NUMBER IDENTIFIER
control field EG-GICUC
005 - DATE AND TIME OF LATEST TRANSACTION
control field 20260224075947.0
008 - FIXED-LENGTH DATA ELEMENTS--GENERAL INFORMATION
fixed length control field 930406s1993 mnu fr 001 0 eng d
020 ## - INTERNATIONAL STANDARD BOOK NUMBER
International Standard Book Number 0314020152
020 ## - INTERNATIONAL STANDARD BOOK NUMBER
International Standard Book Number 9780314020154
040 ## - CATALOGING SOURCE
Original cataloging agency DLC
Transcribing agency DLC
Modifying agency DLC
-- EG-GICUC
Language of cataloging eng
Description conventions rda
043 ## - GEOGRAPHIC AREA CODE
Geographic area code n-us---
050 00 - LIBRARY OF CONGRESS CALL NUMBER
Classification number KF410
Item number .C7 1993
082 00 - DEWEY DECIMAL CLASSIFICATION NUMBER
Classification number 341.84
Edition number 21
092 04 - LOCALLY ASSIGNED DEWEY CALL NUMBER (OCLC)
Edition number 21
099 ## - LOCAL FREE-TEXT CALL NUMBER (OCLC)
Classification number Law 12 1993
245 00 - TITLE STATEMENT
Title Conflict of laws :
Remainder of title cases, comments, questions /
Statement of responsibility, etc. by Roger C. Cramton ... [et al.].
250 ## - EDITION STATEMENT
Edition statement 5th edition.
264 ## - PRODUCTION, PUBLICATION, DISTRIBUTION, MANUFACTURE, AND COPYRIGHT NOTICE
Place of production, publication, distribution, manufacture St. Paul, Minn. :
Name of producer, publisher, distributor, manufacturer West Pub. Co.,
Date of production, publication, distribution, manufacture, or copyright notice 1993.
300 ## - PHYSICAL DESCRIPTION
Extent xix, xxxvii, 743 pages ;
Dimensions 26 cm.
336 ## - CONTENT TYPE
Content type term text
Source rdacontent
337 ## - MEDIA TYPE
Media type term Computer
Source rdamedia
338 ## - CARRIER TYPE
Carrier type term Online Resource
Source rdacarrier
440 #0 - SERIES STATEMENT/ADDED ENTRY--TITLE
Title American casebook series
500 ## - GENERAL NOTE
General note Rev. ed. of: Conflict of laws / by Roger C. Cramton, David P. Currie, and Herma Hill Kay. 4th ed. 1987.
500 ## - GENERAL NOTE
General note Includes index.
650 #0 - SUBJECT ADDED ENTRY--TOPICAL TERM
Topical term or geographic name entry element Conflict of laws
Geographic subdivision United States
General subdivision Cases.
700 1# - ADDED ENTRY--PERSONAL NAME
Personal name Cramton, Roger C.
856 40 - ELECTRONIC LOCATION AND ACCESS
Uniform Resource Identifier <a href="https://fll.law.cu.edu.eg/fulltext/bks/ENGB12-00021.pdf">https://fll.law.cu.edu.eg/fulltext/bks/ENGB12-00021.pdf</a>
905 ## - Cataloger and Reviser Names
Cataloger Name: Hend El khosy
942 ## - ADDED ENTRY ELEMENTS (KOHA)
Source of classification or shelving scheme Dewey Decimal Classification
Koha item type Books
Edition 21
Suppress in OPAC No
Holdings
Withdrawn status Lost status Source of classification or shelving scheme Damaged status Not for loan Collection Home library Current library Date acquired Total checkouts Full call number Barcode Date last seen Copy number Price effective from Koha item type Public note
    Dewey Decimal Classification     القانون الدولي الخاص جــــامعة القــاهرة مكتبة كلية الحقوق - فـرع الشيخ زايد 24.02.2026   Law2 12 341.84 CO 5 ed - 1993 1200021 C1 ENGB12-00021 24.02.2026 1 24.02.2026 Books 2074

© All rights reserved — Faculty of Law, Cairo University